Tự do hoá tài chính của Việt Nam theo các cam kết trong WTO (Sách chuyên khảo)
Nghiên cứu bản chất của quá trình tự do hoá tài chính nói chung và tự do hoá tài chính trong WTO; kinh nghiệm của một số nước về tự do hoá tài chính theo WTO; giải pháp cho tiến trình tự do hoá tài chính theo WTO của Việt Nam...
Na minha lista:
| Autor principal: | |
|---|---|
| Formato: | Livro |
| Idioma: | Undetermined |
| Publicado em: |
Hà Nội
Khoa học và Kỹ thuật
2009
|
| Assuntos: | |
| Tags: |
Adicionar Tag
Sem tags, seja o primeiro a adicionar uma tag!
|
| Thư viện lưu trữ: | Trung tâm Học liệu Trường Đại học Cần Thơ |
|---|
| LEADER | 01082nam a2200229Ia 4500 | ||
|---|---|---|---|
| 001 | CTU_162100 | ||
| 008 | 210402s9999 xx 000 0 und d | ||
| 020 | |c 39000 | ||
| 082 | |a 332.09597 | ||
| 082 | |b Nh105 | ||
| 100 | |a Đặng, Thị Nhàn | ||
| 245 | 0 | |a Tự do hoá tài chính của Việt Nam theo các cam kết trong WTO | |
| 245 | 0 | |b (Sách chuyên khảo) | |
| 245 | 0 | |c Đặng Thị Nhàn | |
| 260 | |a Hà Nội | ||
| 260 | |b Khoa học và Kỹ thuật | ||
| 260 | |c 2009 | ||
| 520 | |a Nghiên cứu bản chất của quá trình tự do hoá tài chính nói chung và tự do hoá tài chính trong WTO; kinh nghiệm của một số nước về tự do hoá tài chính theo WTO; giải pháp cho tiến trình tự do hoá tài chính theo WTO của Việt Nam | ||
| 650 | |a Finance,Financial management,Tài chính Việt Nam,Quản lý tài chính | ||
| 650 | |z Vietnam,Vietnam,Việt Nam | ||
| 910 | |a Nguyên | ||
| 980 | |a Trung tâm Học liệu Trường Đại học Cần Thơ | ||